| 000 | 00788nam a22001697a 4500 | ||
|---|---|---|---|
| 999 |
_c63460 _d63460 |
||
| 003 | Ge_BSU | ||
| 005 | 20251015135525.0 | ||
| 008 | 251015s1964 ge ||||| |||| 00| 0 geo d | ||
| 041 | _ageo | ||
| 080 | _a63(479.22) ფ-63 | ||
| 100 |
_aფიროსმანაშვილი, ივანე _926024 |
||
| 245 |
_aსასოფლო-სამეურნეო პროდუქტების სიუხვისათვის / _cივანე ფიროსმანაშვილი. |
||
| 264 |
_aთბ. : _bსაბჭ. საქართველო, _c1964. |
||
| 300 |
_a73 გვ. : _b ილ. და ცხრილ. ; _c20 სმ. |
||
| 653 | _aსაქართველოს სოფლის მეურნეობა | ||
| 942 |
_2udc _cᲬᲘᲒᲜᲘ |
||